Central Library OPAC University of Rajshahi

The valuation of Shares and the efficient-markets theory / (Record no. 60623)

MARC details
000 -LEADER
fixed length control field 00859nam a2200277 a 4500
001 - CONTROL NUMBER
control field 60623
003 - CONTROL NUMBER IDENTIFIER
rucl marc code BD-RjUL
005 - DATE AND TIME OF LATEST TRANSACTION
control field 20211209080850.0
008 - FIXED-LENGTH DATA ELEMENTS--GENERAL INFORMATION
fixed length control field 170102s1977 enk b 001 0 eng
020 ## - INTERNATIONAL STANDARD BOOK NUMBER
International Standard Book Number 0333214099 (hdback)
International Standard Book Number 0333214102 (pback)
035 ## - SYSTEM CONTROL NUMBER
System control number (BD-RjUL)60747
040 ## - CATALOGING SOURCE
Original cataloging agency DLC
Transcribing agency DLC
Modifying agency DLC
-- BD-RjUL
Language of cataloging eng
041 ## - LANGUAGE CODE
Language code of text/sound track or separate title eng
082 00 - DEWEY DECIMAL CLASSIFICATION NUMBER
Edition number 23
Classification number 332.6322
Author mark and year FIV 1977
100 1# - MAIN ENTRY--PERSONAL NAME
Personal name Firth, Michael
9 (RLIN) 180589
245 14 - TITLE STATEMENT
Title The valuation of Shares and the efficient-markets theory /
Statement of responsibility, etc. Michael Firth.
260 ## - PUBLICATION, DISTRIBUTION, ETC. (IMPRINT)
Place of publication, distribution, etc. London :
Name of publisher, distributor, etc. Macmillan,
Date of publication, distribution, etc. 1977
300 ## - PHYSICAL DESCRIPTION
Pagination viii, 184 p. :
Illustrations ill. ;
Size 23 cm.
490 0# - SERIES STATEMENT
Series statement Studies in finance and accounting
504 ## - BIBLIOGRAPHY, ETC. NOTE
Bibliography, etc Includes index.
650 #0 - SUBJECT ADDED ENTRY--TOPICAL TERM
Topical term or geographic name as entry element Stock exchanges.
9 (RLIN) 173897
Topical term or geographic name as entry element Capital assets pricing model.
9 (RLIN) 180590
830 ## - SERIES ADDED ENTRY--UNIFORM TITLE
Uniform title Studies in finance and accounting
942 ## - ADDED ENTRY ELEMENTS (KOHA)
Source of classification or shelving scheme Dewey Decimal Classification
Koha item type Books
Holdings
Lost status Source of classification or shelving scheme Damaged status Not for loan Collection code Permanent Location Current Location Shelving location Date acquired Source of acquisition Total Checkouts Full call number Date last seen Copy number Koha item type
  Dewey Decimal Classification   Not For Loan Non-fiction Central Library, University of Rajshahi Central Library, University of Rajshahi Reading Room 21/03/1980 Heffer   332.6322 FIV 1977 02/01/2017 C-1 Books